[Event "12. Friedrichrodaer Open"]
[Site "Friedrichroda"]
[Date "2008.08.09"]
[Round "5.20"]
[White "Jäkel, Matthias"]
[Black "Kirves, Bernd"]
[Result "1-0"]
[WhiteElo "1467"]
[BlackElo "1236"]
[PlyCount "123"]
[EventDate "2008.08.??"]
[EventType "swiss"]
[EventRounds "7"]
[WhiteTeam "TSG Neuruppin"]
[BlackTeam "ZSG Grün-Weiß Waltershausen"]

1. d4 Nf6 2. c4 g6 3. Nc3 d6 4. Nf3 Bg7 5. Bg5 Bg4 6. e3 O-O 7. h3 Bf5 8. Bd3
Bc8 9. O-O b6 10. e4 h6 11. Be3 Bb7 12. d5 c6 13. Rc1 Nbd7 14. Qd2 g5 15. Nh2
Nh7 16. f4 f6 17. fxg5 hxg5 18. Qc2 Ne5 19. Nf3 Nxd3 20. Qxd3 Qd7 21. Nd4 Rf7
22. Nf5 e6 23. Nxg7 Rxg7 24. a3 e5 25. Rf3 Rf8 26. Rcf1 g4 27. hxg4 Qxg4 28.
Qd2 Rg6 29. Qf2 Rf7 30. Rh3 Rfg7 31. Rh2 Qg3 32. b4 cxd5 33. cxd5 Ba6 34. b5
Bb7 35. Na2 a6 36. a4 axb5 37. axb5 Rc7 38. Rc1 Rcg7 39. Bxb6 Rg4 40. Qxg3 Rxg3
41. Rc7 Rxc7 42. Bxc7 Re3 43. Rh4 Ng5 44. Nb4 Nxe4 45. b6 Nc3 46. Bxd6 Nxd5 47.
Nxd5 Bxd5 48. Ra4 Rb3 49. Bc7 e4 50. Rd4 Bb7 51. Kf2 Kf7 52. g3 f5 53. Rd6 e3+
54. Ke2 Ba6+ 55. Ke1 Rb1+ 56. Rd1 Rb2 57. Bf4 Re2+ 58. Kf1 Rf2+ 59. Kg1 e2 60.
Rd7+ Ke6 61. Rd6+ Kf7 62. Kxf2 1-0

[Event "12. Friedrichrodaer Open"]
[Site "Friedrichroda"]
[Date "2008.08.09"]
[Round "5.21"]
[White "Plötz, Hans-Jürgen"]
[Black "Urban, Thomas"]
[Result "1-0"]
[WhiteElo "1631"]
[BlackElo "1222"]
[PlyCount "111"]
[EventDate "2008.08.??"]
[EventType "swiss"]
[EventRounds "7"]
[WhiteTeam "SC Bad Nauheim"]
[BlackTeam "TSG Apolda"]

1. d4 d5 2. Nf3 Nf6 3. Bf4 e6 4. e3 Bd6 5. Bg5 O-O 6. c4 c6 7. Nc3 Bd7 8. a3 a6
9. Qb3 b5 10. cxd5 cxd5 11. Bd3 Re8 12. Ne5 Be7 13. Rc1 Nh5 14. Bxe7 Qxe7 15.
O-O Nc6 16. Nxc6 Bxc6 17. Na2 Rac8 18. Rc3 Rc7 19. Rfc1 Rec8 20. Qd1 g6 21. Qc2
Qd7 22. Nb4 a5 23. Nxc6 b4 24. Ne7+ Qxe7 25. Rxc7 Rxc7 26. Qxc7 Qf6 27. Qxa5
bxa3 28. bxa3 Qg5 29. Rc8+ Kg7 30. Qd8 Qxd8 31. Rxd8 f5 32. Rd7+ Kf6 33. Rxh7
e5 34. Rxh5 gxh5 35. a4 exd4 36. exd4 f4 37. Bb5 Ke6 38. Kf1 h4 39. Ke2 Kd6 40.
h3 Ke6 41. Kf3 Kf5 42. Bd7+ Kg5 43. a5 Kf6 44. a6 Ke7 45. a7 Kxd7 46. a8=Q Kd6
47. Kxf4 Ke6 48. Kg5 Kd6 49. Kxh4 Ke6 50. Kg5 Kd6 51. Kf6 Kd7 52. Qxd5+ Kc7 53.
Ke7 Kb6 54. Kd7 Ka6 55. Qb3 Ka5 56. Kc6 1-0

[Event "12. Friedrichrodaer Open"]
[Site "Friedrichroda"]
[Date "2008.08.09"]
[Round "5.22"]
[White "Scholz, Bodo"]
[Black "Künne, Lutz Dieter"]
[Result "0-1"]
[WhiteElo "1383"]
[BlackElo "1593"]
[PlyCount "74"]
[EventDate "2008.08.??"]
[EventType "swiss"]
[EventRounds "7"]
[WhiteTeam "SG Schweina 1949"]
[BlackTeam "Kings Club 98 Jena"]

1. d4 Nf6 2. Nf3 e6 3. e3 Nc6 4. c3 Be7 5. Bd3 O-O 6. Nbd2 Re8 7. e4 d6 8. Qe2
Nd7 9. O-O Bf6 10. Re1 e5 11. d5 Ne7 12. Nb3 a6 13. h4 Ng6 14. h5 Nf4 15. Bxf4
exf4 16. Nbd4 Ne5 17. Qd2 Bg4 18. Qxf4 Bxf3 19. gxf3 Nxd3 20. Qg4 Bxd4 21. cxd4
Nxe1 22. Rxe1 Qf6 23. f4 Qxd4 24. f5 Qf6 25. Re3 h6 26. Qe2 Kh7 27. Rg3 Rg8 28.
Qd3 Rae8 29. f4 Qxb2 30. f6 Qc1+ 31. Kh2 Qxf4 32. e5+ Kh8 33. e6 Qxf6 34. exf7
Qxf7 35. Rg6 Qf4+ 36. Rg3 Re5 37. Kg2 Rg5 0-1

[Event "12. Friedrichrodaer Open"]
[Site "Friedrichroda"]
[Date "2008.08.09"]
[Round "5.24"]
[White "Einax, Silvester"]
[Black "Schirrmeister, Laura"]
[Result "1/2-1/2"]
[WhiteElo "832"]
[BlackElo "823"]
[PlyCount "43"]
[EventDate "2008.08.??"]
[EventType "swiss"]
[EventRounds "7"]
[WhiteTeam "TSG Apolda"]
[BlackTeam "SG Burgtonna"]

1. e4 d6 2. Nf3 g6 3. c3 Bg7 4. d4 Nd7 5. Nbd2 Ngf6 6. Bc4 O-O 7. O-O Rb8 8. a3
c5 9. Re1 b5 10. Ba2 a5 11. b4 a4 12. e5 Nd5 13. Bb2 N7b6 14. c4 cxb4 15. cxd5
b3 16. Bb1 Nxd5 17. Be4 Nf4 18. g3 Ne6 19. Rc1 d5 20. Bd3 Bb7 21. Bxb5 Ra8 22.
Nb1 1/2-1/2

[Event "12. Friedrichrodaer Open"]
[Site "Friedrichroda"]
[Date "2008.08.09"]
[Round "6.1"]
[White "Langheinrich, Ferenc"]
[Black "Gutman, Lev"]
[Result "0-1"]
[WhiteElo "2412"]
[BlackElo "2497"]
[PlyCount "88"]
[EventDate "2008.08.??"]
[EventType "swiss"]
[EventRounds "7"]
[WhiteTeam "SV Empor Erfurt"]
[BlackTeam "SC Melle 03"]

1. Nf3 Nf6 2. c4 g6 3. Nc3 Bg7 4. d4 O-O 5. Bg5 c6 6. e3 a6 7. Bd3 b5 8. O-O
bxc4 9. Bxc4 a5 10. Re1 Na6 11. e4 Nc7 12. e5 Nfd5 13. Qd2 Nb6 14. Bd3 Ba6 15.
Bc2 Bc4 16. b3 Bd5 17. Nxd5 Nbxd5 18. h4 Ne6 19. Bh6 Qb6 20. Bxg7 Kxg7 21. h5
Qb4 22. Qd1 f5 23. exf6+ Rxf6 24. a3 Qb6 25. hxg6 hxg6 26. Qd2 Rxf3 27. gxf3
Qxd4 28. Qe2 Rh8 29. Qe5+ Qxe5 30. Rxe5 Nd4 31. Bd1 Kf6 32. Re4 c5 33. Rc1 d6
34. Rc4 e5 35. b4 axb4 36. axb4 Nxb4 37. f4 Kf5 38. f3 d5 39. Rxc5 dxe4 40.
Rxe5+ Kf6 41. fxe4 Rh4 42. Rc5 Rxf4 43. Rc4 Rxe4 44. Kf2 Nd3+ 0-1

[Event "12. Friedrichrodaer Open"]
[Site "Friedrichroda"]
[Date "2008.08.09"]
[Round "6.2"]
[White "Haase, Reinhard"]
[Black "Zimmer, Frank"]
[Result "1-0"]
[WhiteElo "2136"]
[BlackElo "1796"]
[PlyCount "71"]
[EventDate "2008.08.??"]
[EventType "swiss"]
[EventRounds "7"]
[WhiteTeam "SC Fulda"]
[BlackTeam "SK Nürnberg 1911 - Grundig e.V."]

1. c4 f5 2. Nf3 Nf6 3. g3 g6 4. b4 Bg7 5. Bb2 O-O 6. Bg2 d6 7. d4 c6 8. O-O Qe8
9. Qb3 Na6 10. b5 Nc7 11. bxc6 bxc6 12. Nbd2 Nh5 13. e3 e5 14. dxe5 dxe5 15. e4
f4 16. Ba3 Rf6 17. Rab1 Bf8 18. Bxf8 Rxf8 19. Qc3 Ba6 20. Nxe5 Rd8 21. Nb3 Ne6
22. Ng4 Neg7 23. Na5 Bc8 24. Ne5 c5 25. Nb3 Ne6 26. Nf3 fxg3 27. hxg3 Nf6 28.
e5 Nd7 29. Qe3 Qe7 30. Na5 Nd4 31. Nxd4 cxd4 32. Bd5+ Kg7 33. Qxd4 Qxe5 34.
Qxa7 Rde8 35. Nc6 Qf5 36. Nd4 1-0

[Event "12. Friedrichrodaer Open"]
[Site "Friedrichroda"]
[Date "2008.08.09"]
[Round "6.3"]
[White "Willems, Matthias"]
[Black "Wahlicht, Mike"]
[Result "1/2-1/2"]
[WhiteElo "2032"]
[BlackElo "2002"]
[PlyCount "40"]
[EventDate "2008.08.??"]
[EventType "swiss"]
[EventRounds "7"]
[WhiteTeam "SC Bad Nauheim"]
[BlackTeam "SV Empor Erfurt"]

1. c4 Nf6 2. g3 e6 3. Nf3 d5 4. b3 b6 5. Bg2 Bb7 6. Bb2 Be7 7. O-O dxc4 8. bxc4
O-O 9. d3 c5 10. Nc3 Nc6 11. e3 Na5 12. Qe2 Qc8 13. Rfd1 Rd8 14. Ne1 Bxg2 15.
Kxg2 Qc6+ 16. Qf3 Rd7 17. Qxc6 Nxc6 18. Kf1 Rad8 19. Ke2 Ne8 20. Na4 f5 1/2-1/2

[Event "12. Friedrichrodaer Open"]
[Site "Friedrichroda"]
[Date "2008.08.09"]
[Round "6.4"]
[White "Stiefel, Roland"]
[Black "Natsidis, Christoph"]
[Result "0-1"]
[WhiteElo "2056"]
[BlackElo "2309"]
[PlyCount "54"]
[EventDate "2008.08.??"]
[EventType "swiss"]
[EventRounds "7"]
[WhiteTeam "ZSG Grün-Weiß Waltershausen"]
[BlackTeam "SC Leipzig-Gohlis"]

1. e4 e6 2. Nf3 d5 3. e5 Bd7 4. a3 Ne7 5. d4 c5 6. c3 Nbc6 7. Bd3 cxd4 8. O-O
dxc3 9. Nxc3 Ng6 10. Bxg6 hxg6 11. Qe2 Be7 12. b4 O-O 13. Bf4 Rc8 14. Qd2 a6
15. Rac1 Na7 16. Ne2 Bb5 17. Nfd4 Bc4 18. Rfe1 Nc6 19. Nxc6 bxc6 20. Rc3 c5 21.
Rh3 Bxe2 22. Rxe2 cxb4 23. axb4 Rc4 24. Rb3 Qc7 25. Re1 Rb8 26. Reb1 Rb5 27. g3
Qb7 0-1

[Event "12. Friedrichrodaer Open"]
[Site "Friedrichroda"]
[Date "2008.08.09"]
[Round "6.5"]
[White "Bohatschek, Daniel"]
[Black "Hansch, Torsten"]
[Result "0-1"]
[WhiteElo "1955"]
[BlackElo "2226"]
[PlyCount "66"]
[EventDate "2008.08.??"]
[EventType "swiss"]
[EventRounds "7"]
[WhiteTeam "ZSG Grün-Weiß Waltershausen"]
[BlackTeam "Stendaler Schachklub e.V."]

1. e4 c5 2. c3 d5 3. exd5 Qxd5 4. d4 Nc6 5. Nf3 cxd4 6. cxd4 Bg4 7. Be2 e6 8.
Nc3 Qa5 9. O-O Nf6 10. Bf4 Nd5 11. Nxd5 Qxd5 12. Qa4 a6 13. Rac1 Be7 14. Bc7
O-O 15. Bb6 Bd6 16. Rc3 Qe4 17. Re3 Qf4 18. g3 Qh6 19. Ne5 Bxe2 20. Rxe2 Rac8
21. Nd7 Rfe8 22. Nc5 Bxc5 23. dxc5 e5 24. Rd1 Qh5 25. Re3 e4 26. Kg2 f5 27. Rd7
Ne5 28. g4 Qg6 29. Rxb7 Nxg4 30. Qb3+ Kh8 31. Rg3 f4 32. Rxg4 Qxg4+ 33. Kf1 e3
0-1

[Event "12. Friedrichrodaer Open"]
[Site "Friedrichroda"]
[Date "2008.08.09"]
[Round "6.6"]
[White "Stümer, Paul"]
[Black "Stadtmueller, Harald"]
[Result "1/2-1/2"]
[WhiteElo "2170"]
[BlackElo "2192"]
[PlyCount "36"]
[EventDate "2008.08.??"]
[EventType "swiss"]
[EventRounds "7"]
[WhiteTeam "Schachverein Bergneustadt/Dersch"]
[BlackTeam "VSG 1880 Offenbach"]

1. c4 g6 2. g3 Bg7 3. Bg2 d6 4. Nc3 e5 5. e4 Nc6 6. Nge2 Nh6 7. d3 O-O 8. O-O
Be6 9. Nd5 f5 10. f3 Qd7 11. Be3 Nd4 12. Nxd4 exd4 13. Bg5 Kh8 14. b3 c6 15.
Nf4 Bg8 16. Nh3 Nf7 17. Bd2 Ne5 18. Nf2 Be6 1/2-1/2

[Event "12. Friedrichrodaer Open"]
[Site "Friedrichroda"]
[Date "2008.08.09"]
[Round "6.7"]
[White "Heß, Jürgen"]
[Black "Horatschek, Stefan"]
[Result "0-1"]
[WhiteElo "2034"]
[BlackElo "2061"]
[PlyCount "60"]
[EventDate "2008.08.??"]
[EventType "swiss"]
[EventRounds "7"]
[WhiteTeam "ESV Lok Sömmerda"]
[BlackTeam "SV Jenapharm Jena"]

1. e4 c6 2. d4 d5 3. Nc3 dxe4 4. Nxe4 Bf5 5. Ng3 Bg6 6. Nf3 Nd7 7. Bd3 Ngf6 8.
Ne5 Nxe5 9. dxe5 Qa5+ 10. c3 Qxe5+ 11. Qe2 Qxe2+ 12. Bxe2 e6 13. h4 h6 14. a3
Bc5 15. Bf3 Bd3 16. b4 Bb6 17. a4 O-O-O 18. a5 Bc7 19. Be3 Be5 20. O-O-O Kb8
21. Kb2 Bc4 22. Ne2 Bxe2 23. Bxe2 Nd5 24. Rd3 Nxb4 25. Rxd8+ Rxd8 26. Kb3 Nd5
27. Rd1 Bc7 28. c4 Nxe3 29. Rxd8+ Bxd8 30. fxe3 Bxa5 0-1

[Event "12. Friedrichrodaer Open"]
[Site "Friedrichroda"]
[Date "2008.08.09"]
[Round "6.8"]
[White "Richter, Jan"]
[Black "Wüst, Michael"]
[Result "1/2-1/2"]
[WhiteElo "2068"]
[BlackElo "2041"]
[PlyCount "56"]
[EventDate "2008.08.??"]
[EventType "swiss"]
[EventRounds "7"]
[WhiteTeam "SV Schott Jena"]
[BlackTeam "PTSV SK Hof 1892"]

1. Nf3 Nf6 2. c4 g6 3. g3 Bg7 4. Bg2 d6 5. d4 O-O 6. O-O Nc6 7. Nc3 a6 8. h3
Rb8 9. e4 e6 10. Bg5 h6 11. Be3 Bd7 12. Qe2 Qe7 13. Rfd1 e5 14. d5 Nd8 15. b4
Nh5 16. Nh4 Qe8 17. Bf3 Nf6 18. Kh2 Kh7 19. Rac1 Ng8 20. c5 Qe7 21. Qc2 Bf6 22.
Ng2 Bg5 23. cxd6 cxd6 24. Na4 Bxe3 25. Nxe3 b5 26. Nb2 Rc8 27. Qe2 Nb7 28. Bg4
Nf6 1/2-1/2

[Event "12. Friedrichrodaer Open"]
[Site "Friedrichroda"]
[Date "2008.08.09"]
[Round "6.9"]
[White "Geisler, Reinhard"]
[Black "Seifart, Mario"]
[Result "0-1"]
[WhiteElo "2042"]
[BlackElo "1992"]
[PlyCount "124"]
[EventDate "2008.08.??"]
[EventType "swiss"]
[EventRounds "7"]
[WhiteTeam "Schachklub Werther 1949 e.V."]
[BlackTeam "SC Tempo Göttingen"]

1. d4 d5 2. Bf4 e6 3. e3 Bd6 4. Bxd6 Qxd6 5. Qg4 Kf8 6. Nd2 Nc6 7. Qg3 Qxg3 8.
hxg3 Nf6 9. Ngf3 Bd7 10. c3 Re8 11. Bd3 e5 12. dxe5 Nxe5 13. Nxe5 Rxe5 14.
O-O-O Ng4 15. Rdf1 h5 16. Nf3 Re7 17. Kd2 g6 18. Nh2 Ne5 19. Be2 Kg7 20. Nf3
Ng4 21. Nh2 Nf6 22. Bd3 Rd8 23. b4 Ne4+ 24. Kc2 c5 25. a3 Rc8 26. b5 c4 27.
Bxe4 dxe4 28. Rb1 Rc5 29. a4 a6 30. Rhd1 axb5 31. axb5 Bxb5 32. Rd4 Ba4+ 33.
Kc1 b5 34. Nf1 Rf5 35. Rb2 Re6 36. Rdd2 Bb3 37. Re2 Rd5 38. Red2 Rd3 39. Rxd3
exd3 40. Nd2 Ba4 41. Ra2 Bc2 42. Ra5 Rb6 43. Kb2 Rb7 44. Ra6 Bd1 45. Ra1 Bg4
46. Kc1 Kf8 47. Rb1 Be6 48. Rb4 Ke7 49. Ne4 Bd7 50. Nd2 Bc6 51. f3 Ra7 52. Kb2
Kd6 53. Nf1 f5 54. Nd2 Kc5 55. Kb1 g5 56. Rb2 Ra3 57. e4 fxe4 58. fxe4 Rxc3 59.
Nf3 Bxe4 60. Nd2 Bc6 61. Nf3 Bxf3 62. gxf3 Rb3 0-1

[Event "12. Friedrichrodaer Open"]
[Site "Friedrichroda"]
[Date "2008.08.09"]
[Round "6.10"]
[White "Bauer, Andreas"]
[Black "Anschütz, Mario"]
[Result "1/2-1/2"]
[WhiteElo "1986"]
[BlackElo "2009"]
[PlyCount "63"]
[EventDate "2008.08.??"]
[EventType "swiss"]
[EventRounds "7"]
[WhiteTeam "SC Emmendingen 1937 e.V."]
[BlackTeam "ZSG Grün-Weiß Waltershausen"]

1. e4 e6 2. d4 d5 3. e5 c5 4. c3 Nc6 5. Nf3 Bd7 6. Be2 Qc7 7. O-O O-O-O 8. Na3
f6 9. exf6 gxf6 10. Re1 a6 11. Nc2 h5 12. Rb1 h4 13. b4 c4 14. a4 Nce7 15. Ne3
Ng6 16. b5 a5 17. Qc2 Nf4 18. Bf1 Bd6 19. Qa2 Ne7 20. Ba3 Rdg8 21. b6 Qb8 22.
Bc5 Nc6 23. Qa3 Nh3+ 24. Kh1 Nxf2+ 25. Kg1 Bxc5 26. dxc5 Ng4 27. h3 Nxe3 28.
Rxe3 Qf4 29. Rbe1 e5 30. Kh1 Ne7 31. c6 Nf5 32. cxd7+ 1/2-1/2

[Event "12. Friedrichrodaer Open"]
[Site "Friedrichroda"]
[Date "2008.08.09"]
[Round "6.11"]
[White "Jäkel, Matthias"]
[Black "Vredenborg, Carel"]
[Result "0-1"]
[WhiteElo "1467"]
[BlackElo "2010"]
[PlyCount "70"]
[EventDate "2008.08.??"]
[EventType "swiss"]
[EventRounds "7"]
[WhiteTeam "TSG Neuruppin"]
[BlackTeam "Charleroi Rotterdam"]

1. d4 Nf6 2. c4 e6 3. Nc3 c5 4. e3 b6 5. Nf3 Bb7 6. Bd3 cxd4 7. exd4 Be7 8. O-O
O-O 9. Bf4 d5 10. cxd5 Nxd5 11. Nxd5 Qxd5 12. b3 Ba6 13. Bxb8 Bxd3 14. Qxd3
Raxb8 15. Rac1 Rbc8 16. Qa6 Qd7 17. Rxc8 Rxc8 18. Rd1 Rc2 19. g3 f6 20. Rd2
Rxd2 21. Nxd2 Qxd4 22. Qxa7 Bf8 23. Nc4 Bc5 24. Qa8+ Kf7 25. Qb7+ Kg6 26. Qf3
b5 27. Na5 f5 28. Qe2 Kf6 29. Nc6 Qd5 30. Na5 Bb4 31. Nc4 bxc4 32. bxc4 Qd2 33.
Qe3 Qxe3 34. fxe3 Ke5 35. Kf2 Ke4 0-1

[Event "12. Friedrichrodaer Open"]
[Site "Friedrichroda"]
[Date "2008.08.09"]
[Round "6.12"]
[White "Maslowski, Kai"]
[Black "Hilbenz, Guntram"]
[Result "0-1"]
[WhiteElo "1433"]
[BlackElo "2013"]
[PlyCount "58"]
[EventDate "2008.08.??"]
[EventType "swiss"]
[EventRounds "7"]
[WhiteTeam "TSG Neuruppin"]
[BlackTeam "SC Bad Nauheim"]

1. d4 d6 2. c4 e5 3. dxe5 dxe5 4. Qxd8+ Kxd8 5. Nc3 c6 6. Nf3 f6 7. e3 Be6 8.
Be2 Nd7 9. O-O Nh6 10. Rd1 Kc7 11. Rb1 a5 12. a3 a4 13. Bd2 Nc5 14. Na2 Nb3 15.
Bb4 Bf5 16. e4 Bxe4 17. Bd3 Bxd3 18. Rxd3 e4 19. Rc3 exf3 20. gxf3 Nf5 21. Rd3
Nc5 22. Rd2 b6 23. Rbd1 Bd6 24. Nc3 Rhd8 25. Ne2 g5 26. Nd4 Nxd4 27. Rxd4 Be5
28. R4d2 Rxd2 29. Rxd2 Rd8 0-1

[Event "12. Friedrichrodaer Open"]
[Site "Friedrichroda"]
[Date "2008.08.09"]
[Round "6.13"]
[White "Hansch, Karsten"]
[Black "Rößner, Uwe"]
[Result "0-1"]
[WhiteElo "1581"]
[BlackElo "1939"]
[PlyCount "76"]
[EventDate "2008.08.??"]
[EventType "swiss"]
[EventRounds "7"]
[WhiteTeam "Stendaler Schachklub e.V."]
[BlackTeam "ESV Lok Meiningen"]

1. e4 d6 2. d4 Nf6 3. Nc3 e5 4. dxe5 dxe5 5. Qxd8+ Kxd8 6. Bc4 Be6 7. Bxe6 fxe6
8. Bg5 Nbd7 9. O-O-O h6 10. Bh4 a6 11. Nge2 g5 12. Bg3 Bd6 13. f3 Ke7 14. a3 b5
15. Bf2 Rab8 16. h4 g4 17. Be3 h5 18. Bg5 Kf7 19. Rdf1 Kg6 20. f4 b4 21. axb4
Rxb4 22. fxe5 Bxe5 23. Nf4+ Kh7 24. Nxe6 Rhb8 25. Bxf6 Nxf6 26. Kd2 Rxb2 27.
Ng5+ Kg6 28. Nd1 Rd8+ 29. Kc1 Ra2 30. c3 Rdd2 31. Rf5 Nxe4 32. Nxe4 Rdc2+ 33.
Kb1 Kxf5 34. Ne3+ Kxe4 35. Nxc2 Ra5 36. Re1+ Kd3 37. Re3+ Kd2 38. c4 Ra1+ 0-1

[Event "12. Friedrichrodaer Open"]
[Site "Friedrichroda"]
[Date "2008.08.09"]
[Round "6.14"]
[White "Jörges, Frank"]
[Black "von Bassewitz, Ingo"]
[Result "0-1"]
[WhiteElo "2018"]
[BlackElo "1678"]
[PlyCount "92"]
[EventDate "2008.08.??"]
[EventType "swiss"]
[EventRounds "7"]
[WhiteTeam "ESV Lok Meiningen"]
[BlackTeam "TuS 1860 Magdeburg"]

1. d4 Nf6 2. Nf3 d5 3. e3 c6 4. Bd3 Bg4 5. c4 e6 6. Qb3 Qc7 7. Ne5 Bd6 8. Nxg4
Nxg4 9. h3 dxc4 10. Bxc4 Nf6 11. Nc3 O-O 12. Bd2 a6 13. Rc1 Nbd7 14. f4 Qb6 15.
Bxe6 Bxf4 16. Bc4 Bg3+ 17. Ke2 Qxb3 18. Bxb3 c5 19. dxc5 Nxc5 20. Bc2 Rfe8 21.
b4 Ne6 22. Kf3 Rad8 23. Rhd1 Bd6 24. a3 Ng5+ 25. Kf2 Be5 26. h4 Rxd2+ 27. Rxd2
Bxc3 28. Rdd1 Nfe4+ 29. Bxe4 Nxe4+ 30. Kf3 f5 31. Rd7 Nf6 32. Rxb7 Bd2 33. Rd1
Rxe3+ 34. Kf2 Ne4+ 35. Kg1 Rxa3 36. g4 fxg4 37. Re7 Rg3+ 38. Kf1 Rf3+ 39. Kg1
Be3+ 40. Kg2 Rf2+ 41. Kh1 Ng3+ 42. Kg1 Rf1+ 43. Kg2 Rxd1 44. Kxg3 Rg1+ 45. Kh2
g3+ 46. Kh3 Bf2 0-1

[Event "12. Friedrichrodaer Open"]
[Site "Friedrichroda"]
[Date "2008.08.09"]
[Round "6.15"]
[White "Neumann, Karsten"]
[Black "Winter, Katharina"]
[Result "1-0"]
[WhiteElo "1690"]
[BlackElo "1486"]
[PlyCount "59"]
[EventDate "2008.08.??"]
[EventType "swiss"]
[EventRounds "7"]
[WhiteTeam "TSG Neuruppin"]
[BlackTeam "SV Lok Engelsdorf"]

1. Nf3 Nf6 2. d4 d5 3. c4 c6 4. cxd5 cxd5 5. Nc3 Nc6 6. Bf4 g6 7. e3 a6 8. Bd3
Bg7 9. O-O Bg4 10. h3 Bxf3 11. Qxf3 O-O 12. Bg5 e6 13. Rad1 h6 14. Bh4 g5 15.
Bg3 Nd7 16. Qe2 Rc8 17. f4 f5 18. Qh5 Qe8 19. Qf3 Qg6 20. fxg5 hxg5 21. Bd6 Rf7
22. Nxd5 e5 23. dxe5 Ndxe5 24. Bxe5 Nxe5 25. Qe2 Nxd3 26. Qxd3 Bxb2 27. Rxf5
Rcf8 28. Ne7+ Rxe7 29. Rxf8+ Kg7 30. Rg8+ 1-0

[Event "12. Friedrichrodaer Open"]
[Site "Friedrichroda"]
[Date "2008.08.09"]
[Round "6.16"]
[White "Künne, Lutz Dieter"]
[Black "Hillgaertner, Walter"]
[Result "1/2-1/2"]
[WhiteElo "1593"]
[BlackElo "1999"]
[PlyCount "51"]
[EventDate "2008.08.??"]
[EventType "swiss"]
[EventRounds "7"]
[WhiteTeam "Kings Club 98 Jena"]
[BlackTeam "SC Bad Nauheim"]

1. e4 c5 2. Nc3 Nc6 3. g3 g6 4. Bg2 Bg7 5. d3 d6 6. f4 e6 7. Nf3 Nge7 8. O-O
O-O 9. Be3 Nd4 10. e5 Nef5 11. Bf2 Nxf3+ 12. Qxf3 Nd4 13. Qd1 dxe5 14. fxe5
Bxe5 15. Ne4 Bg7 16. c3 Nf5 17. Bxc5 Re8 18. g4 Ne7 19. Qf3 f5 20. Nd6 Rf8 21.
Nxc8 Rxc8 22. Bxe7 Qxe7 23. Qxb7 Qxb7 24. Bxb7 Rb8 25. Bf3 Rxb2 26. d4 1/2-1/2

[Event "12. Friedrichrodaer Open"]
[Site "Friedrichroda"]
[Date "2008.08.09"]
[Round "6.17"]
[White "Burkhardt, Kai"]
[Black "Hansch, Stephan"]
[Result "1-0"]
[WhiteElo "1172"]
[BlackElo "1555"]
[PlyCount "47"]
[EventDate "2008.08.??"]
[EventType "swiss"]
[EventRounds "7"]
[WhiteTeam "ZSG Grün-Weiß Waltershausen"]
[BlackTeam "Stendaler Schachklub e.V."]

1. e4 c5 2. d4 cxd4 3. c3 dxc3 4. Nxc3 Nc6 5. Bc4 e6 6. Nf3 Be7 7. O-O a6 8. a4
Qc7 9. Be3 Nf6 10. Re1 O-O 11. Qd2 Bb4 12. Rac1 Nxe4 13. Qd3 Nxc3 14. bxc3 Be7
15. Bb3 d5 16. Bc2 g6 17. Bh6 Re8 18. Ng5 Ne5 19. Qg3 Bd6 20. Qf4 Nd3 21. Qf6
Be5 22. Rxe5 Qxe5 23. Qxf7+ Kh8 24. Qxh7# 1-0

[Event "12. Friedrichrodaer Open"]
[Site "Friedrichroda"]
[Date "2008.08.09"]
[Round "6.19"]
[White "Krutsch, Thomas"]
[Black "Plötz, Hans-Jürgen"]
[Result "0-1"]
[WhiteElo "1433"]
[BlackElo "1631"]
[PlyCount "104"]
[EventDate "2008.08.??"]
[EventType "swiss"]
[EventRounds "7"]
[WhiteTeam "SG Burgtonna"]
[BlackTeam "SC Bad Nauheim"]

1. d4 Nf6 2. Nf3 d6 3. c4 Nbd7 4. Nc3 e5 5. d5 c6 6. e4 Qa5 7. Bd2 Qb6 8. Qc2
Be7 9. Bd3 O-O 10. O-O Qc7 11. a3 a6 12. b4 b5 13. dxc6 Qxc6 14. cxb5 axb5 15.
Bxb5 Qc7 16. Rac1 Rxa3 17. Bd3 Bb7 18. Qb2 Raa8 19. Nb5 Qb8 20. Rfe1 Bxe4 21.
Bxe4 Nxe4 22. Nc7 Nxd2 23. Qxd2 Ra7 24. Nd5 Bd8 25. Rc2 Nf6 26. Nxf6+ Bxf6 27.
Rc6 Rd8 28. Rec1 e4 29. Nd4 Ra4 30. R6c4 d5 31. R4c2 Bxd4 32. Qxd4 Rxb4 33. Qc5
Rb1 34. g3 Rxc1+ 35. Rxc1 h6 36. Qe7 Qd6 37. Qb7 Rd7 38. Rc8+ Kh7 39. Qa8 f5
40. Rh8+ Kg6 41. Qe8+ Rf7 42. Qg8 d4 43. h4 Qd7 44. Qb8 Qc7 45. Qb3 d3 46. Qe6+
Rf6 47. Qg8 Qf7 48. Qh7+ Kh5 49. Rd8 f4 50. Rd4 Rg6 51. Qh8 fxg3 52. fxg3 Rxg3+
0-1

[Event "12. Friedrichrodaer Open"]
[Site "Friedrichroda"]
[Date "2008.08.09"]
[Round "6.20"]
[White "Maczollek, Helmut"]
[Black "Kirves, Bernd"]
[Result "0-1"]
[WhiteElo "1719"]
[BlackElo "1236"]
[PlyCount "66"]
[EventDate "2008.08.??"]
[EventType "swiss"]
[EventRounds "7"]
[WhiteTeam "Schachklub Turm Lage 1926"]
[BlackTeam "ZSG Grün-Weiß Waltershausen"]

1. d4 Nf6 2. Nf3 d6 3. e3 g6 4. Be2 Bg7 5. b3 Nbd7 6. Bb2 O-O 7. O-O d5 8. c4
b6 9. Nbd2 Bb7 10. Qc2 c5 11. cxd5 Nxd5 12. e4 Nb4 13. Qb1 Rc8 14. a3 Na6 15.
dxc5 Naxc5 16. Bxg7 Kxg7 17. Qb2+ Kg8 18. Qd4 Re8 19. Bb5 Bc6 20. Bxc6 Rxc6 21.
Qa4 Nxa4 22. bxa4 e5 23. Rfd1 Qe7 24. Nb3 Nc5 25. Nxc5 Rxc5 26. Nd2 Rd8 27. Kf1
Qg5 28. Nf3 Rxd1+ 29. Rxd1 Qe7 30. Ke1 Kg7 31. h4 Rc4 32. Nd2 Rxa4 33. f3 Qxh4+
0-1

[Event "12. Friedrichrodaer Open"]
[Site "Friedrichroda"]
[Date "2008.08.09"]
[Round "6.22"]
[White "Scholz, Bodo"]
[Black "Halle, Julia"]
[Result "1-0"]
[WhiteElo "1383"]
[BlackElo "900"]
[PlyCount "69"]
[EventDate "2008.08.??"]
[EventType "swiss"]
[EventRounds "7"]
[WhiteTeam "SG Schweina 1949"]
[BlackTeam "SG Burgtonna"]

1. d4 d6 2. Nf3 g6 3. e3 Bg7 4. Bd3 Nf6 5. Nbd2 O-O 6. c3 Nbd7 7. e4 b6 8. Qe2
Bb7 9. O-O c5 10. Re1 cxd4 11. cxd4 Ng4 12. Nf1 Nb8 13. h3 Nf6 14. Bf4 Nc6 15.
Qe3 Nb4 16. Ng3 Nxd3 17. Qxd3 Qc8 18. Rac1 Qd7 19. Qd2 d5 20. Ne5 Qd8 21. Nc6
Qe8 22. exd5 Nxd5 23. Nxe7+ Nxe7 24. Rc7 Bf6 25. Bd6 Qd8 26. Rxb7 Qxd6 27. Ne4
Bg5 28. Qxg5 Qd5 29. Nf6+ Kg7 30. Nxd5 Nxd5 31. Qxd5 Rfe8 32. Qxf7+ Kh6 33.
Qxh7+ Kg5 34. h4+ Kf6 35. Rf7# 1-0

[Event "12. Friedrichrodaer Open"]
[Site "Friedrichroda"]
[Date "2008.08.09"]
[Round "6.23"]
[White "Schirrmeister, Laura"]
[Black "Urban, Thomas"]
[Result "0-1"]
[WhiteElo "823"]
[BlackElo "1222"]
[PlyCount "98"]
[EventDate "2008.08.??"]
[EventType "swiss"]
[EventRounds "7"]
[WhiteTeam "SG Burgtonna"]
[BlackTeam "TSG Apolda"]

1. e4 c5 2. Nf3 Nc6 3. Bc4 e6 4. c3 d5 5. Bb3 dxe4 6. Ng1 Nf6 7. Bc4 g6 8. Ne2
Bg7 9. Qc2 Ne5 10. b3 a6 11. Nf4 b5 12. Be2 Bb7 13. d3 exd3 14. Nxd3 Nxd3+ 15.
Bxd3 Bxg2 16. Rg1 Bd5 17. c4 bxc4 18. bxc4 Bf3 19. Ba3 Qd6 20. Nc3 Rb8 21. Na4
Nd7 22. Rc1 O-O 23. Qd2 Bd4 24. Qg5 Qxh2 25. Rf1 Bg2 26. Rc2 Rb1+ 27. Bc1 Bxf1
28. Bxf1 Bxf2+ 29. Kd1 Qd6+ 30. Qd2 Qd4 31. Nc3 Ra1 32. Ne2 Qxd2+ 33. Rxd2 Ne5
34. Nc3 Nxc4 35. Ne4 Nxd2 36. Kxd2 Rd8+ 37. Kc2 Bd4 38. Bxa6 Rxa2+ 39. Kb1 Rxa6
40. Bg5 Rb8+ 41. Kc2 Rb2+ 42. Kd3 Ra3+ 43. Nc3 Rxc3+ 44. Ke4 Re2+ 45. Kf4 e5+
46. Kg4 Re4+ 47. Bf4 Rxf4+ 48. Kg5 Rg3+ 49. Kh6 Rh4# 0-1